El cocodrilo / (Registro nro. 3483)

Detalles MARC
000 -LEADER
fixed length control field 01050nam a2200253Ia 4500
003 - CONTROL NUMBER IDENTIFIER
control field OSt
005 - DATE AND TIME OF LATEST TRANSACTION
control field 20250521164423.0
008 - FIXED-LENGTH DATA ELEMENTS--GENERAL INFORMATION
fixed length control field 191128s2012 sp a br 000 f spa d
020 ## - INTERNATIONAL STANDARD BOOK NUMBER
International Standard Book Number 9788494066719
040 ## - CATALOGING SOURCE
Original cataloging agency CO-JMCR
Transcribing agency CO-JMCR
041 ## - LANGUAGE CODE
Language code of text/sound track or separate title spa
082 ## - DEWEY DECIMAL CLASSIFICATION NUMBER
Item number
082 ## - DEWEY DECIMAL CLASSIFICATION NUMBER
Classification number J-N
Item number DOSc
100 1# - MAIN ENTRY--PERSONAL NAME
Personal name Dostoievski, Fedor Mijailovich,
Dates associated with a name 1821-1881
Relator term autor
9 (RLIN) 6771
245 10 - TITLE STATEMENT
Title El cocodrilo /
Statement of responsibility, etc. Fíodor Dostoievski; traducción de Enrique Moya Carrión
260 ## - PUBLICATION, DISTRIBUTION, ETC.
Place of publication, distribution, etc. Madrid :
Name of publisher, distributor, etc. Gardi Editorial,
Date of publication, distribution, etc. 2012
300 ## - PHYSICAL DESCRIPTION
Extent 101 páginas :
Other physical details ilustraciones a color ;
Dimensions 21 cm.
500 ## - GENERAL NOTE
General note Incluye datos biográficos del autor en solapa.
520 ## - SUMMARY, ETC.
Summary, etc. Es una historia llena de humor, quizás la más divertida que escribió Dostoievski, el desdichado funcionario Yván Matvéich nos hace reír desde la primera página. Dostoievski utiliza está increíble historia para reflejar la estupidez de algunos hombres, su
534 ## - ORIGINAL VERSION NOTE
Introductory phrase Krokodil
650 14 - SUBJECT ADDED ENTRY--TOPICAL TERM
Topical term or geographic name entry element Novela infantil
9 (RLIN) 1227
700 ## - ADDED ENTRY--PERSONAL NAME
Personal name Moya Carrión, Enrique,
Relator term traductor
9 (RLIN) 6772
942 ## - ADDED ENTRY ELEMENTS (KOHA)
Source of classification or shelving scheme Dewey Decimal Classification
Koha item type Books
Existencias
Withdrawn status Lost status Source of classification or shelving scheme Damaged status Not for loan Collection code Home library Current library Date acquired Source of acquisition Full call number Barcode Date last seen Copy number Koha item type
    Dewey Decimal Classification     Fiction Biblioteca Pública José María del Castillo y Rada Biblioteca Pública José María del Castillo y Rada 11/28/2019 Donación J-N DOSc 201807335 11/28/2019 Ej.1 Books